01779nam a2200325 4500001000400000003000400004005001700008008004100025020001800066040000800084041001300092082001700105100001500122240005500137245016400192260003400356300001600390490004000406520077200446650002501218650001901243650001701262650001301279650002101292655001201313655001601325700004501341700002701386830004001413268OSt20250528074016.0250313b |||||||j |||| 00| 1 eng d a9788539505173 bPor hengapor a028.5bS879c aStone, Rex aDinosaur Cove: Charge of the Theree-horned Monster aA Caverna dos Dinossauros bO ataque do mostro de três chifres / cStone, Rex ; tradução de Barbara Sampaio Vieira Duarte e ilustração de Mike Spoor aSão PaulobFundamentoc2014 a55 p.bil. 1 aA Caverna dos Dinossauros vLivro 2 aUsando a passagem escondida na caverna, Jamie e seu amigo, Tom, retornam às florestas intocadas do Mundo dos Dinossauros. Enquanto prosseguem com suas pesquisas, os garotos reencontram Wanna, o wannanosaurus que os ajudou na primeira visita. Tudo parecia normal na terra dos dinossauros até que Jamie e Tom encontraram algo muito estranho: casas! Como poderia haver casas na época dos dinossauros? Afinal, milhões de anos separam os seres humanos dos gigantes pré-históricos. Enquanto procuram uma resposta para esse mistério, nossos exploradores se deparam com um bando de triceratopes. Mas, para quem escapou do maior dos carnívoros, não vai ser difícil se livrar de um grupo de herbívoros pesadões, certo? Bem, não tenha tanta certeza...  0aLiteratura Americana 0aInfantojuvenil 0aDinossauros  0aAventura 0aGrandes Amizades 0aRomance 0aFicção  aBarbara Sampaio Vieira DuarteeTRADUTORA aMike SpooreIlustrador aA Caverna dos Dinossauros vLivro 2